Countries of the World in Order of Jetpunk Users - Statistics

General Stats
  • This quiz has been taken 47 times
  • The average score is 25 of 196
Answers on the Map
Answers color-coded by a green-red scale on the quiz's map according to % correct below.
 
Answer Stats
Answer % Correct
Canada
97%
United States
97%
Russia
84%
China
78%
France
69%
United Kingdom
59%
Mexico
56%
Australia
53%
Germany
53%
India
53%
Italy
53%
Spain
53%
Argentina
50%
Brazil
50%
Japan
50%
Egypt
38%
Chile
25%
Denmark
25%
Finland
25%
Greece
25%
Iran
25%
Ireland
25%
New Zealand
25%
Norway
25%
Peru
25%
Poland
25%
Portugal
25%
South Korea
25%
Sweden
25%
Turkey
25%
Iraq
22%
North Korea
22%
South Africa
22%
Switzerland
22%
Austria
19%
Belgium
19%
Colombia
19%
Iceland
19%
Indonesia
19%
Netherlands
19%
Pakistan
19%
Bolivia
16%
Czech Republic
16%
Israel
16%
Madagascar
16%
Niger
16%
Nigeria
16%
Paraguay
16%
Philippines
16%
Republic of the Congo
16%
Saudi Arabia
16%
Ukraine
16%
Uruguay
16%
Venezuela
16%
Croatia
13%
Democratic Republic of the Congo
13%
Estonia
13%
Hungary
13%
Morocco
13%
Nauru
13%
Palau
13%
Romania
13%
Thailand
13%
Afghanistan
9%
Algeria
9%
Belarus
9%
Bulgaria
9%
Cuba
9%
Ecuador
9%
Federated States of Micronesia
9%
Kazakhstan
9%
Latvia
9%
Lithuania
9%
Mongolia
9%
Panama
9%
São Tomé and Príncipe
9%
Slovakia
9%
Syria
9%
Tonga
9%
Tuvalu
9%
United Arab Emirates
9%
Vietnam
9%
Albania
6%
Andorra
6%
Antigua and Barbuda
6%
Barbados
6%
Bosnia and Herzegovina
6%
Djibouti
6%
East Timor
6%
Eswatini
6%
Ethiopia
6%
Guinea-Bissau
6%
Haiti
6%
Kenya
6%
Kiribati
6%
Libya
6%
Malawi
6%
Marshall Islands
6%
Nepal
6%
Saint Kitts and Nevis
6%
Saint Lucia
6%
Saint Vincent and the Grenadines
6%
Samoa
6%
Serbia
6%
Slovenia
6%
Somalia
6%
Sudan
6%
Vanuatu
6%
Yemen
6%
Angola
3%
Armenia
3%
Azerbaijan
3%
Bahamas
3%
Bahrain
3%
Bangladesh
3%
Belize
3%
Benin
3%
Bhutan
3%
Botswana
3%
Brunei
3%
Burkina Faso
3%
Burundi
3%
Cambodia
3%
Cameroon
3%
Cape Verde
3%
Central African Republic
3%
Chad
3%
Comoros
3%
Costa Rica
3%
Cyprus
3%
Dominica
3%
Dominican Republic
3%
El Salvador
3%
Equatorial Guinea
3%
Eritrea
3%
Fiji
3%
Gabon
3%
Gambia
3%
Georgia
3%
Ghana
3%
Grenada
3%
Guatemala
3%
Guinea
3%
Guyana
3%
Honduras
3%
Ivory Coast
3%
Jamaica
3%
Jordan
3%
Kosovo
3%
Kuwait
3%
Kyrgyzstan
3%
Laos
3%
Lebanon
3%
Lesotho
3%
Liberia
3%
Liechtenstein
3%
Luxembourg
3%
Malaysia
3%
Maldives
3%
Mali
3%
Malta
3%
Mauritania
3%
Mauritius
3%
Moldova
3%
Monaco
3%
Montenegro
3%
Mozambique
3%
Myanmar
3%
Namibia
3%
Nicaragua
3%
North Macedonia
3%
Oman
3%
Papua New Guinea
3%
Qatar
3%
Rwanda
3%
San Marino
3%
Senegal
3%
Seychelles
3%
Sierra Leone
3%
Singapore
3%
Soloman Islands
3%
South Sudan
3%
Sri Lanka
3%
Suriname
3%
Taiwan
3%
Tajikistan
3%
Tanzania
3%
Togo
3%
Trinidad and Tobago
3%
Tunisia
3%
Turkmenistan
3%
Uganda
3%
Uzbekistan
3%
Vatican CIty
3%
Zambia
3%
Zimbabwe
3%
No matching quizzes found
Score Distribution
Percent of People with Each Score
Percentile by Number Answered
Your Score History
You have not taken this quiz